000 00437cam a22001337a 4500
008 180718b1965 xxu||||| |||| 00| 0 eng d
082 _aT343x6782 H314
100 _aHaskins, H.C.G.
245 _aWholesale and retail trade in Tanganyika: a study of distribution in East Africa
_cby H.C.G. Hawkins
260 _aNew York
_bPraeger
_c1965
300 _a168p.
650 _aRetail Trade - Tanganyika
650 _aWholesale Trade - Tanganyika
999 _c367902
_d367902